000
00257nam a2200121 a 4500
005
20141022142000.0
008
090305s19uu xx 00 eng d
050
_a
VHS
_b
G35 1990
245
_a
Hamlet.
650
_a
VHS.
650
_a
Hamlet
942
_c
AVM
999
_c
276210
_d
276210